[Event "BCF-chT3W 2223 (4NCL)"]
[Site "England"]
[Date "2023.04.29"]
[Round "9.12"]
[White "Eagleton, Greg T"]
[Black "Finn, Peter"]
[Result "0-1"]
[WhiteElo "2107"]
[BlackElo "2285"]
[PlyCount "148"]
[EventDate "2022.10.22"]
[EventType "team-tourn"]
[EventRounds "11"]
[EventCountry "ENG"]
[SourceTitle "EXT 2024"]
[Source "ChessBase"]
[SourceDate "2023.10.10"]
[SourceVersion "1"]
[SourceVersionDate "2023.10.10"]
[SourceQuality "1"]
[WhiteTeam "Chessable White Rose III"]
[BlackTeam "Kingston"]
[WhiteTeamCountry "ENG"]
[BlackTeamCountry "ENG"]

1. d4 d5 2. Nf3 Nf6 3. g3 c5 4. c3 e6 5. Bg2 Nc6 6. 0-0 Bd7 7. Bf4 Qb6 8. Qb3 Qxb3 9. axb3 cxd4 10. Nxd4 Bc5 11. Nb5 0-0 12. b4 Be7 13. Bd6 a6 14. Bxe7 Nxe7 15. Nd4 e5 16. Nb3 b6 17. N1d2 Bc6 18. Rfe1 Rfd8 19. e4 dxe4 20. Nxe4 Nxe4 21. Bxe4 f6 22. Bxc6 Nxc6 23. Red1 Kf7 24. Rxd8 Nxd8 25. Kf1 Ke6 26. Ke2 Kd6 27. Kd3 Kc7 28. Ke4 Kb7 29. Rd1 Kc7 30. h4 Nf7 31. Ra1 Kc6 32. c4 Nd6+ 33. Kd3 Kb7 34. c5 Nb5 35. Kc4 Rd8 36. cxb6 Kxb6 37. Nc5 Rd4+ 38. Kb3 Nc7 39. Rc1 Rd2 40. Na4+ Kb7 41. Nc5+ Ka7 42. Ne4 Rd3+ 43. Rc3 Rd7 44. Rc6 Kb7 45. Rc4 Ne6 46. Nc5+ Nxc5+ 47. bxc5 Kc6 48. Kc3 Rd1 49. b4 Rf1 50. Rg4 g6 51. f4 f5 52. Rg5 exf4 53. gxf4 Rf3+ 54. Kc2 Rxf4 55. h5 gxh5 56. Rxh5 Rxb4 57. Rxf5 Rc4+ 58. Kb3 Rxc5 59. Rf6+ Kd5 60. Rxa6 h5 61. Rh6 Ke4 62. Kb4 Kd4 63. Rh8 Rg5 64. Rh7 Ke3 65. Kc3 Rc5+ 66. Kb4 Re5 67. Kc3 Kf3 68. Kd3 Kg4 69. Rg7+ Kh3 70. Kd2 Re4 71. Kd3 Rg4 72. Ra7 h4 73. Ke2 Kg2 74. Ke3 h3 0-1

[Event "BCF-chT2 1819 (4NCL) Demotion"]
[Site "England"]
[Date "2019.05.06"]
[Round "11.82"]
[White "Edgell, Ben P"]
[Black "Eagleton, Greg T"]
[Result "1/2-1/2"]
[WhiteElo "2143"]
[BlackElo "2068"]
[PlyCount "31"]
[EventDate "2018.11.10"]
[EventType "team-tourn"]
[EventRounds "11"]
[EventCountry "ENG"]
[SourceTitle "EXT 2021"]
[Source "ChessBase"]
[SourceDate "2020.10.23"]
[SourceVersion "1"]
[SourceVersionDate "2020.10.23"]
[SourceQuality "1"]
[WhiteTeam "West is Best II"]
[BlackTeam "Bradford DCA Knights"]
[WhiteTeamCountry "ENG"]
[BlackTeamCountry "ENG"]

1. d4 d5 2. Nf3 Nf6 3. c3 c5 4. a3 cxd4 5. cxd4 g6 6. Nc3 Bg7 7. g3 0-0 8. Bg2 Nc6 9. 0-0 Ne4 10. e3 f5 11. Ne2 Qd6 12. b4 b6 13. Qd3 a6 14. Bb2 Bb7 15. Qb3 Rac8 16. Rfd1 1/2-1/2

[Event "BCF-chT3Nc 1516 (4NCL)"]
[Site "England"]
[Date "2016.03.20"]
[Round "8.59"]
[White "Eagleton, Greg T"]
[Black "Phillips, David A"]
[Result "1-0"]
[WhiteElo "2050"]
[BlackElo "2005"]
[PlyCount "165"]
[EventDate "2016.03.20"]
[EventType "team-swiss"]
[EventRounds "11"]
[EventCountry "ENG"]
[SourceTitle "EXT 2017"]
[Source "ChessBase"]
[SourceDate "2016.10.25"]
[SourceVersion "1"]
[SourceVersionDate "2016.10.25"]
[SourceQuality "1"]
[WhiteTeam "Bradford DCA Knights"]
[BlackTeam "Spirit of Atticus II"]
[WhiteTeamCountry "ENG"]
[BlackTeamCountry "ENG"]

1. d4 Nf6 2. Nf3 b5 3. Bg5 Ne4 4. Bf4 Bb7 5. Nbd2 Nf6 6. e3 a6 7. c3 g6 8. Bd3 Bg7 9. 0-0 0-0 10. a4 c6 11. e4 d6 12. Qe2 Nbd7 13. h3 Nh5 14. Bg5 h6 15. Be3 e5 16. dxe5 dxe5 17. Rfd1 Nf4 18. Qf1 Qe7 19. Nb3 Rfd8 20. Na5 Nf8 21. Bc2 N4e6 22. Bb3 Qc7 23. Nxb7 Qxb7 24. axb5 axb5 25. Rxd8 Rxd8 26. Ra7 Qb8 27. Qa1 b4 28. Qa2 bxc3 29. bxc3 Rd3 30. Bxe6 fxe6 31. Qa3 Qd6 32. Bc5 Qd8 33. Be7 Qe8 34. Qa1 Rd7 35. Bxf8 Rxa7 36. Qxa7 Qxf8 37. Qd7 Qf4 38. Qxe6+ Kh7 39. Qxc6 Qc1+ 40. Kh2 Qf4+ 41. Kh1 Qc1+ 42. Ng1 Qe1 43. Qc5 Qxe4 44. c4 Qe1 45. Qe3 Qb4 46. Qe4 Qc5 47. Qe2 e4 48. g3 Bd4 49. Kg2 Qc6 50. Kf1 Qf6 51. h4 Qf5 52. Kg2 Bc5 53. Nh3 Kg8 54. Nf4 g5 55. hxg5 hxg5 56. Nd5 g4 57. Qxg4+ Qxg4 58. Nf6+ Kf7 59. Nxg4 Ke6 60. Kf1 Bd4 61. Ke2 Kd6 62. Ne3 Ke5 63. Kf1 Kf6 64. Kg2 Kg6 65. Nf1 Kf5 66. Ne3+ Kg6 67. Kf1 Kf6 68. Ke2 Ke6 69. Nf1 Ke5 70. Nd2 Bc5 71. f3 exf3+ 72. Kxf3 Be7 73. Ke3 Bc5+ 74. Kd3 Be7 75. Ne4 Bd8 76. Nc5 Be7 77. Nb3 Kf5 78. Nd4+ Kg4 79. Ke4 Bc5 80. Kd5 Ba7 81. c5 Kxg3 82. c6 Bb8 83. Ke6 1-0

[Event "Gibraltar Masters 14th"]
[Site "Caleta"]
[Date "2016.02.02"]
[Round "8"]
[White "Bach, Matthias"]
[Black "Eagleton, Greg T"]
[Result "1-0"]
[WhiteElo "2301"]
[BlackElo "1981"]
[PlyCount "65"]
[EventDate "2016.01.26"]
[EventType "swiss"]
[EventRounds "10"]
[EventCountry "GGB"]
[SourceTitle "CBM 171"]
[Source "ChessBase"]
[SourceDate "2016.03.14"]
[SourceVersion "2"]
[SourceVersionDate "2016.03.14"]
[SourceQuality "1"]

1. d4 Nf6 2. c4 c5 3. d5 b5 4. a4 bxc4 5. Nc3 d6 6. e4 Ba6 7. f4 g6 8. Nf3 Bg7 9. e5 Nfd7 10. e6 fxe6 11. dxe6 Nf6 12. f5 Qc8 13. Be2 Nc6 14. 0-0 gxf5 15. Ng5 Nd4 16. Bh5+ Kd8 17. Bf4 Kc7 18. Nb5+ Bxb5 19. axb5 h6 20. Nf7 Rg8 21. Ra6 Qb7 22. Bf3 Ne4 23. Qa1 Qxb5 24. Bxe4 fxe4 25. Nxd6 Nf3+ 26. Rxf3 exd6 27. Bxd6+ Kc8 28. Rxa7 Bd4+ 29. Kh1 Rxa7 30. Qxa7 Qb7 31. Rf7 Qxa7 32. Rxa7 e3 33. Ra8+ 1-0

[Event "Gibraltar Masters 14th"]
[Site "Caleta"]
[Date "2016.01.29"]
[Round "4"]
[White "Chidi, Lovinia Sylvia"]
[Black "Eagleton, Greg T"]
[Result "0-1"]
[WhiteElo "1780"]
[BlackElo "1981"]
[PlyCount "68"]
[EventDate "2016.01.26"]
[EventType "swiss"]
[EventRounds "10"]
[EventCountry "GGB"]
[SourceTitle "CBM 171"]
[Source "ChessBase"]
[SourceDate "2016.03.14"]
[SourceVersion "2"]
[SourceVersionDate "2016.03.14"]
[SourceQuality "1"]

1. d4 Nf6 2. c4 c5 3. Nf3 g6 4. g3 Bg7 5. Bg2 0-0 6. 0-0 d6 7. Nc3 Nbd7 8. d5 a6 9. e4 b5 10. cxb5 axb5 11. Re1 b4 12. Nb1 Ng4 13. Nbd2 Nge5 14. Nxe5 Nxe5 15. Nf3 Nc4 16. Qc2 Na3 17. Qd1 Nc4 18. Qc2 Nb6 19. a3 Bd7 20. Bg5 h6 21. Be3 bxa3 22. Rxa3 Rxa3 23. bxa3 Qa8 24. Qc1 Kh7 25. h4 Qa4 26. Qb1 Nc4 27. Bc1 Bc3 28. Rf1 Bb5 29. h5 Nxa3 30. Bxa3 Bxf1 31. Qxf1 Qxa3 32. Qb5 Bf6 33. Nh4 Qc1+ 34. Kh2 Bxh4 0-1

[Event "Gibraltar Challengers-A 14th"]
[Site "Caleta"]
[Date "2016.01.27"]
[Round "3"]
[White "Eagleton, Greg T"]
[Black "Byron, Alan M"]
[Result "1-0"]
[WhiteElo "1981"]
[BlackElo "2175"]
[PlyCount "75"]
[EventDate "2016.01.25"]
[EventType "swiss"]
[EventRounds "5"]
[EventCountry "GGB"]
[SourceTitle "CBM 170 Extra"]
[Source "ChessBase"]
[SourceDate "2016.02.25"]
[SourceVersion "1"]
[SourceVersionDate "2016.02.25"]
[SourceQuality "1"]

1. d4 Nf6 2. c4 g6 3. Nc3 Bg7 4. e4 d6 5. f3 0-0 6. Be3 c6 7. Qd2 a6 8. g4 e5 9. d5 cxd5 10. cxd5 b5 11. 0-0-0 Nbd7 12. Bd3 Qc7 13. Kb1 Nc5 14. h4 h5 15. gxh5 Nxh5 16. Nce2 Bd7 17. Rc1 a5 18. Nh3 Rfc8 19. Nf2 Qb7 20. Rhg1 b4 21. Bc4 Rc7 22. Nd3 Na4 23. Bb3 Rac8 24. Rxc7 Rxc7 25. Rc1 Rxc1+ 26. Qxc1 Bf6 27. Bf2 Kg7 28. Qg1 Qb5 29. Ndc1 Bd8 30. Bc2 Qb7 31. Bd3 Bb5 32. Qd1 Bd7 33. Nb3 Nf6 34. Qc1 Bb5 35. Qc2 Nd7 36. Nec1 Bxd3 37. Nxd3 Qb5 38. Nd2 1-0

[Event "Gibraltar Masters 14th"]
[Site "Caleta"]
[Date "2016.01.27"]
[Round "2"]
[White "Gavilan Diaz, Mario"]
[Black "Eagleton, Greg T"]
[Result "1-0"]
[WhiteElo "2261"]
[BlackElo "1981"]
[PlyCount "65"]
[EventDate "2016.01.26"]
[EventType "swiss"]
[EventRounds "10"]
[EventCountry "GGB"]
[SourceTitle "CBM 171"]
[Source "ChessBase"]
[SourceDate "2016.03.14"]
[SourceVersion "2"]
[SourceVersionDate "2016.03.14"]
[SourceQuality "1"]

1. e4 c5 2. Nf3 d6 3. d4 cxd4 4. Nxd4 Nf6 5. Nc3 a6 6. h3 g6 7. g4 Bg7 8. Bg2 0-0 9. 0-0 Nbd7 10. g5 Ne8 11. Be3 e5 12. Nde2 Nb6 13. b3 Be6 14. a4 f6 15. h4 a5 16. Qd2 Rf7 17. Rad1 Ra6 18. Nb5 Bf8 19. c4 Nc8 20. Nec3 Qd7 21. Kh2 fxg5 22. hxg5 h6 23. f4 Bg4 24. Rc1 hxg5 25. fxg5 Rh7+ 26. Kg1 Bh3 27. Nd5 Bxg2 28. Qxg2 Bg7 29. Kf2 Rh4 30. Ke2 Ne7 31. Nf6+ Bxf6 32. gxf6 Rg4 33. f7+ 1-0

[Event "BCF-ch Week1 AM op"]
[Site "Coventry"]
[Date "2015.07.27"]
[Round "1"]
[White "Foster, Timothy"]
[Black "Eagleton, Greg T"]
[Result "1-0"]
[WhiteElo "1598"]
[BlackElo "1994"]
[PlyCount "68"]
[EventDate "2015.07.27"]
[EventType "swiss"]
[EventRounds "5"]
[EventCountry "ENG"]
[SourceTitle "EXT 2016"]
[Source "ChessBase"]
[SourceDate "2015.10.08"]
[SourceVersion "1"]
[SourceVersionDate "2015.10.08"]
[SourceQuality "1"]

1. Nf3 Nf6 2. c4 d6 3. g3 g6 4. Bg2 Bg7 5. 0-0 0-0 6. Nc3 c6 7. d3 Nbd7 8. Rb1 Qc7 9. Bd2 a5 10. a3 Ng4 11. b4 axb4 12. axb4 Nge5 13. Ne1 Re8 14. h3 f5 15. Qb3 Nf6 16. d4 Nf7 17. d5 e5 18. Nc2 cxd5 19. Nxd5 Nxd5 20. Bxd5 Kh8 21. Kh2 Nd8 22. b5 Ne6 23. b6 Qd7 24. Bxe6 Rxe6 25. Nb4 Rf6 26. Nd5 Rf7 27. Ra1 Rxa1 28. Rxa1 f4 29. g4 e4 30. Bc3 h5 31. Bxg7+ Rxg7 32. Nf6 Qc6 33. Qc3 hxg4 34. hxg4 g5 1-0

[Event "Leyland op"]
[Site "Leyland"]
[Date "2010.08.29"]
[Round "3"]
[White "Eagleton, Greg T"]
[Black "Rabbitte, Liam F"]
[Result "0-1"]
[WhiteElo "1816"]
[BlackElo "1963"]
[PlyCount "72"]
[EventDate "2010.08.28"]
[EventType "swiss"]
[EventRounds "6"]
[EventCountry "ENG"]
[SourceTitle "CBM 138 Extra"]
[Source "ChessBase"]
[SourceDate "2010.10.29"]
[SourceVersion "1"]
[SourceVersionDate "2010.10.29"]
[SourceQuality "1"]

1. d4 c5 2. d5 d6 3. c4 g6 4. Nc3 Bg7 5. e4 Nf6 6. Be2 e6 7. Nf3 0-0 8. 0-0 exd5 9. cxd5 a6 10. a4 Re8 11. Nd2 Qc7 12. f3 Nh5 13. Nc4 Nd7 14. Be3 Rb8 15. a5 b5 16. axb6 Nxb6 17. Na5 Nd7 18. Qd2 Ne5 19. Nc4 Nxc4 20. Bxc4 Qb6 21. Ra2 f5 22. exf5 Rxe3 23. fxg6 hxg6 24. Kh1 Bd4 25. Ne2 Qb4 26. Qc1 Bd7 27. Rxa6 Bb5 28. Nxd4 Qxc4 29. Nxb5 Qxc1 30. Rxc1 Rxb5 31. Rxd6 Kg7 32. Rc6 Rd3 33. Re1 Rxd5 34. g4 Nf4 35. Kg1 Rd7 36. Re4 Rxb2 0-1

[Event "Leyland op"]
[Site "Leyland"]
[Date "2010.08.28"]
[Round "1"]
[White "Doran, Chris"]
[Black "Eagleton, Greg T"]
[Result "1-0"]
[WhiteElo "1997"]
[BlackElo "1816"]
[PlyCount "53"]
[EventDate "2010.08.28"]
[EventType "swiss"]
[EventRounds "6"]
[EventCountry "ENG"]
[SourceTitle "CBM 138 Extra"]
[Source "ChessBase"]
[SourceDate "2010.10.29"]
[SourceVersion "1"]
[SourceVersionDate "2010.10.29"]
[SourceQuality "1"]

1. e4 c5 2. Nf3 d6 3. d4 cxd4 4. Nxd4 Nf6 5. Nc3 a6 6. Bg5 e6 7. f4 Be7 8. Qf3 Qc7 9. 0-0-0 Nbd7 10. Bd3 b5 11. Rhe1 Bb7 12. Qg3 b4 13. Nd5 exd5 14. exd5 g6 15. Qh4 0-0-0 16. Rxe7 Nxd5 17. Rxf7 Rde8 18. Qh3 Re3 19. g3 N5b6 20. f5 Ree8 21. Bf6 Bd5 22. Ne6 Qc6 23. Bxh8 Qa4 24. Bd4 Kb8 25. Qxh7 Rc8 26. Bxb6 b3 27. axb3 1-0